000 00918nam a2200217Ia 4500
001 9354
003 GE_BSU
008 181216s||||||||xx |||||||||||||| ||und||
040 _cGE_BSU
080 _a821.353.1–4+796.525(479.22)(092)
100 _aგოთუა,ლ., ყიფიანი ედ. და სხვ.
245 _aმთა და მოყმე
245 _bმხატვრული ნარკვევების კრებული შხარას მწვერვალზე დაღუპულ ალპინისტ გ.თიკანაძეზე
245 _cრედ.ა.ბრეგაძე.მხატვ.გ.ოჩიაური
260 _aთბილისი
260 _bნაკადული
260 _c1965
300 _a85გვ.5ფ.ილ. და პორტრ.16სმ.
653 _aმთა და მოყმე
942 _cBK
999 _c42650
_d42650